000 00444nam a2200181Ia 4500
001 2579
005 20260306144817.0
008 260306t2014||||xx |||||||||||||| ||spa||
041 _aESP
082 _a616.89152
_bC12
100 _aCabré, Victor
_eAUT
245 0 _aEscenoterapia:
_baplicaciones clínicas y educativas
260 _c2014
300 _a283 páginas :
_c21 cm.
650 _aGEN
654 _aCPS
942 _cLIB
_dJUS
_fJUS
_2ddc
_n
999 _c2579
_d2579